000 00752nam a2200277Ia 4500
003 OSt
005 20220928114735.0
006 a|||||r|||| 00| 0
007 ta
008 220927b |||||||| |||| 00| 0 eng d
020 _c5888.25
024 _a101804
037 _b456, 10/11/2009, Pioneer Book Distributors
_cTextual
040 _aSDCL
_cSDCL
_beng
041 _2eng
_aeng
082 _aS8, P8
100 _aJenkins Richard
_9440706
245 0 _aSocial identity.
250 _a3
260 _aLondon
_bRoutledge
_c2008
300 _ax,246p
_ccm.
490 _aKey ideas.
650 _aPsychology
942 _hS8, P8
_cTEXL
_2CC
999 _c756240
_d756240